Truth About Ahmadiyyat / (Record no. 20187)

MARC details
000 -LEADER
fixed length control field 00556nam a22001817a 4500
003 - CONTROL NUMBER IDENTIFIER
control field BDDh-ASL
005 - DATE AND TIME OF LATEST TRANSACTION
control field 20231015025845.0
008 - FIXED-LENGTH DATA ELEMENTS--GENERAL INFORMATION
fixed length control field 201227s1978 e ||||| |||| 00| 0 eng d
040 ## - CATALOGING SOURCE
Transcribing agency BDDh-ASL
082 ## - DEWEY DECIMAL CLASSIFICATION NUMBER
Classification number 297
Item number RAT
100 1# - MAIN ENTRY--PERSONAL NAME
9 (RLIN) 2605
Personal name Rafiq, Imam B. A.
245 10 - TITLE STATEMENT
Title Truth About Ahmadiyyat /
260 ## - PUBLICATION, DISTRIBUTION, ETC.
Place of publication, distribution, etc. London:
Name of publisher, distributor, etc. The London Mosque,
Date of publication, distribution, etc. 1978.
300 ## - PHYSICAL DESCRIPTION
Extent 98 p.:
Dimensions 19 cm.
650 #0 - SUBJECT ADDED ENTRY--TOPICAL TERM
Topical term or geographic name entry element Religion, ধর্ম, Dharma, faith, creed, law, worship, property, আস্তিকতা, দীন
9 (RLIN) 2606
650 #0 - SUBJECT ADDED ENTRY--TOPICAL TERM
9 (RLIN) 1652
Topical term or geographic name entry element Islam
942 ## - ADDED ENTRY ELEMENTS (KOHA)
Source of classification or shelving scheme Dewey Decimal Classification
Koha item type Books
Holdings
Withdrawn status Lost status Source of classification or shelving scheme Damaged status Not for loan Collection code Home library Current library Shelving location Date acquired Source of acquisition Total Checkouts Full call number Barcode Date last seen Copy number Price effective from Koha item type
    Dewey Decimal Classification     Non-fiction Asiatic Society Library Asiatic Society Library General Stacks 12/27/2020 ASB Collection   297 RAT 103596 12/27/2020 C-1 12/27/2020 Books

Powered by Koha